| 000 | 00447cam a2200169ua 4500 | ||
|---|---|---|---|
| 020 | _c$ 8.50 | ||
| 041 |
_aben _h |
||
| 082 |
_a515.35 _bMUR/OR |
||
| 100 | _aMurphy, George . | ||
| 245 |
_aOrdinary Differential equations and their solutions / _cGeorge M Murphy. _hTextual Documents |
||
| 260 |
_aNew York : _bD.Van Nostrand Co. , _c1960. |
||
| 300 | _a451 ; . | ||
| 365 | _a$ 8.50 | ||
| 504 | _a | ||
| 942 | _cBK | ||
| 999 |
_c2961 _d2961 |
||